| 000 | 00803nam a2200241Ia 4500 | ||
|---|---|---|---|
| 005 | 20220317000551.0 | ||
| 008 | 160601s2002 sp g 000 0 spa | ||
| 020 | _a8495808692 | ||
| 082 | 0 | 4 |
_a608 _bR68e |
| 100 | 1 | _aRowland-Entwistle, Theodore | |
| 245 | 1 | 0 |
_aEureka _bun libro sobre inventos _cescrito por Theodore Rowland-Entwistle; ilustrado por Hemesh Alles |
| 250 | _a1a. edición | ||
| 300 |
_a37 páginas _c22 cm |
||
| 650 | 1 | 4 |
_2LEMB _aInventos _xHistoria |
| 650 | 1 | 4 |
_2LEMB _aInventos _xDiseño y construcción |
| 700 | 1 |
_aAlles, Hemesh _eilustrador _914045 |
|
| 942 |
_2ddc _cBK |
||
| 264 |
_aBarcelona _bLabor _c2002 |
||
| 336 |
_atexto _btxt _2rdacontent |
||
| 337 |
_asin mediación _bn _2rdamedia |
||
| 338 |
_avolumen _bnc _2rdacarrier |
||
| 040 |
_aCO-BoRNBP _bspa _erda _cCO-BoRNBP |
||
| 999 |
_c4415 _d4415 |
||